第二次世界大戦 日本の賠償/準賠償先 - Statistics

General Stats
  • This quiz has been taken 144 times
  • The average score is 10 of 11
Answer Stats
Hint Answer % Correct
賠償 インドネシア
97%
賠償 ベトナム共和国
94%
賠償 フィリピン
93%
準賠償 マレーシア
93%
準賠償 ラオス
92%
賠償/準賠償 ビルマ連邦
91%
準賠償 カンボジア
91%
準賠償 タイ
91%
準賠償 大韓民国
91%
準賠償 シンガポール
87%
準賠償 ミクロネシア連邦
30%
No matching quizzes found
Score Distribution
Percent of People with Each Score
Percentile by Number Answered
Your Score History
You have not taken this quiz